000 00626nam a2200241Ia 4500
003 OSt
005 20220924151835.0
006 a|||||r|||| 00| 0
007 ta
008 220923b |||||||| |||| 00| 0 mar d
020 _c12
024 _a339355
037 _cTextual
040 _aARTS
_cARTS
_bmar
041 _2mar
_amar
082 _aB9, 155J7
100 _aGajanan Panse Murlidhar Ed.
_9225106
245 0 _aJyotisa ratna mala of sripati bhatta
260 _c1997
650 _aMATHEMATICS
_92141
942 _hB9, 155J7
_cTEXL
_2CC
999 _c467852
_d467852